Statistiche per Paesi più a sud

Clicka qui per fare il quiz!

Statistiche generali

  • Questo quiz è stato fatto 3.233 volte
  • Il punteggio medio è 15 su 20

Statistiche sulle risposte

° SudPaese% Corretto
55°04'Argentina
99%
54°47'Australia
99%
56°30'Cile
98%
46°59'Sudafrica
98%
52°37'Nuova Zelanda
96%
25°37'Madagascar
81%
35°02'Uruguay
79%
33°45'Brasile
79%
30°40'Lesotho
78%
27°36'Paraguay
74%
28°58'Namibia
71%
27°19'Swaziland
71%
26°52'Mozambico
68%
26°54'Botswana
67%
22°54'Bolivia
63%
22°25'Zimbabwe
61%
21°02'Figi
61%
22°21'Tonga
48%
20°15'Vanuatu
47%
20°32'Mauritius
45%

Distribuzione punteggi

Percentile per numero di risposta

Percentuale di utenti per punteggio

I tuoi punteggi nel tempo

Non hai fatto questo quiz